Setlist of the Eras tour - Statistics

General Stats
  • This quiz has been taken 21 times
    19 since last reset
  • The average score is 43 of 45
Answer Stats
Album Answer % Correct
Red 22
100%
Red All Too Well (10 Minute Version)
100%
Midnights Anti-Hero
100%
Midnights Bejeweled
100%
folklore betty
100%
folklore cardigan
100%
evermore champagne problems
100%
Lover Cruel Summer
100%
Reputation Delicate
100%
The Tortured Poets Department Down Bad
100%
Speak Now Enchanted
100%
Fearless Fearless
100%
The Tortured Poets Department Fortnight
100%
The Tortured Poets Department I Can Do It With A Broken Heart
100%
Red I Knew You Were Trouble
100%
Midnights Karma
100%
Midnights Lavender Haze
100%
Lover Lover
100%
Fearless Love Story
100%
Midnights Midnight Rain
100%
Lover Miss Americana & the Heartbreak Prince
100%
folklore my tears ricochet
100%
Reputation ...Ready For It?
100%
1989 Shake It Off
100%
The Tortured Poets Department So High School
100%
1989 Style
100%
Lover The Man
100%
Midnights Vigilante Shit
100%
Red We Are Never Ever Getting Back Together
100%
Fearless You Belong With Me
100%
Lover You Need To Calm Down
100%
folklore august
92%
1989 Bad Blood
92%
Reputation Don't Blame Me
92%
folklore illicit affairs
92%
Reputation Look What You Made Me Do
92%
evermore marjorie
92%
Midnights Mastermind
92%
1989 Wildest Dreams
92%
evermore willow
92%
1989 Blank Space
83%
The Tortured Poets Department But Daddy I Love Him
83%
The Tortured Poets Department The Smallest Man Who Ever Lived
83%
The Tortured Poets Department Who's Afraid Of Little Old Me?
83%
folklore the last great american dynasty
50%
No matching quizzes found
Score Distribution
Percent of People with Each Score
Percentile by Number Answered
Your Score History
You have not taken this quiz since the last reset